Student politics in India (Record no. 516166)

000 -LEADER
fixed length control field 00365nam a22001217a 4500
082 ## - DEWEY DECIMAL CLASSIFICATION NUMBER
Classification number TNC P52x54 H336
100 ## - MAIN ENTRY--PERSONAL NAME
Personal name Hazary, Subas Chandra
9 (RLIN) 22588
245 ## - TITLE STATEMENT
Title Student politics in India
260 ## - PUBLICATION, DISTRIBUTION, ETC. (IMPRINT)
Place of publication, distribution, etc New Delhi
Name of publisher, distributor, etc Ashish publication house
Date of publication, distribution, etc 1987
300 ## - PHYSICAL DESCRIPTION
Extent 287p
650 ## - SUBJECT ADDED ENTRY--TOPICAL TERM
Topical term or geographic name as entry element College Students - political activity - India
9 (RLIN) 22589
650 ## - SUBJECT ADDED ENTRY--TOPICAL TERM
Topical term or geographic name as entry element Case studies
9 (RLIN) 22590
Holdings
Withdrawn status Lost status Source of classification or shelving scheme Damaged status Koha normalized classification for sorting Not for loan Permanent location Current location Date acquired Full call number Barcode Date last seen Price effective from Koha item type
        TNC_P52X54_H336   Indian Institute of Public Administration Indian Institute of Public Administration 2021-02-18 TNC P52x54 H336 GR22857 2021-02-18 2021-02-18 GR

Powered by Koha